1543 1571 1103 1761 1684 1902 1935 1760 1356 1846 1102 1769 1792 1675 1019 1629 1466 1927 1322 1569 1008 1107 1526 1246 1456 1246 1322 1226 1505 1518 1901 1086 1347 1937 1701 1675 1978 1653 1650 1385 1991 1664 1647 1428 1791 1676 1093 1058 1776 1110 1501 1186 1568 1982 1738 1323 1999 1042 1877 1797 1416 1359 1234 1951 1412 1487 1846 1391 1512 1631 1739 1979 1941 1381 1491 1485 1650 1417 1260 1895 1428 1585 1054 1688 1348 1817 1272 1824 1817 1029 1383 1216 1357 1918 1000 1289 1194 1703 1851 BCNSPRNW ULIB Ver.6.0+V

เปลี่ยนเป็นภาษาไทย

Change to English
 แสดงรายละเอียดบรรณานุกรม
  กลับหน้าหลัก

Brief Record : Get Marc (ISO 2709) : E-mail record : QR code < ปิดหน้าต่าง
LEADER : 00000nam 2200000uu 4500
001    13399111730
003     ULIB
008    110707s2544||||th 000 0 tha d
020    9742722986
050  4 DS568^bส785ค 2544
100 0  สุมิตร ปิติพัฒน์
245 10 ความเป็นคนไทย =^bThe process of becoming Thai people /^cโดย สุมิตร ปิติพัฒน์ ; เอกวิทย์ ณ ถลาง, บรรณาธิการ
246 31 The process of becoming Thai people
250    พิมพ์ครั้งที่ 1
260    กรุงเทพฯ :^bอมรินทร์พริ้นติ้ง ร่วมกับ สำนักงานคณะกรรมการวัฒนธรรมแห่งชาติ,^c2544
300    75 หน้า :^bภาพประกอบ, แผนที่ ;^c21 ซม.
440  0 ความรู้เรื่องเมืองไทย ;^vเล่มที่ 2
536    สนับสนุนโดย มูลนิธิภูมิปัญญา
650  4 วัฒนธรรมไทย
650  4 ชาติพันธุ์วิทยา^zไทย
650  4 เอกลักษณ์ของชาติ^zไทย
651  7 เชื้อชาติไทย
651  7 ไทย^xการเมืองและการปกครอง
700 0  เอกวิทย์ ณ ถลาง,^eบรรณาธิการ
710 2  สำนักงานคณะกรรมการวัฒนธรรมแห่งชาติ
710 2  มูลนิธิภูมิปัญญา
945    ^p90^l0^i016082
995    ทศพร
999 ^a ใช้งานได้ทุกระบบ
รายการนี้ยังไม่มีแท็ก
คุณยังไม่ได้ล็อกอิน คุณสามารถมีกิจกรรมร่วมกับเว็บไซต์ได้ แต่ต้องล็อกอินก่อน ::
  ล็อกอิน

รายการสื่อสารสนเทศ

ลำดับที่ ประเภท เลขเรียก/บาร์โค้ด สถานที่ สถานะ
1. วิทยาศาสตร์การแพทย์ และสุขภาพ
วิทยาศาสตร์การแพทย์ และสุขภาพ
DS568 ส785ค 2544 ฉ.1 
  Barcode: 016082
ห้องสมุดวิทยาเขตสวรรค์ประชารักษ์
►ส่วนจัดเก็บหนังสือเก่า สปร
บนชั้น
  ขอยืม

รายการใกล้เคียง
    หัวเรื่อง [วัฒนธรรมไทย]

BibComment


ยังไม่เคยถูกคอมเมนท์

คอมเมนท์ทรัพยากรรายการนี้
  คอมเมนท์: ความเป็นคนไทย Th..


 Copyright 2026. Bcnsprnw @Library